000 00725nam a2200217 i 4500
001 15275
003 ES-MaACL
005 20251122063105.0
007 t|
008 000210s1998 sp ||||1| spa d
020 _a84-921599-3-6
080 _a364.444.046.6(460.281)(091)
100 1 _aSanz, Javier,
_d1957-
_9143018
245 1 4 _aLos antiguos hospitales de la provincia de Guadalajara /
_cJavier Sanz Serrulla.
260 _aMadrid :
_bCasa de Guadalajara en Madrid,
_c1998.
300 _a207 p. :
_bil. ;
_c20 cm.
650 4 _aHospitales-
_zGuadalajara (Provincia)-
_vHistoria.
_913481
710 2 _aCasa de Guadalajara en Madrid.
_92471
852 _aES-MaACL
_jL-22546
_bR.127573
999 _c15275
_d15275